| 000 | 00370nam a2200145Ia 4500 | ||
|---|---|---|---|
| 008 | 230917s9999||||xx |||||||||||||| ||und|| | ||
| 040 |
_e57093 _aMAIN |
||
| 041 | _aEnglish | ||
| 082 | _a829.443 T129P | ||
| 100 | _aTagore, Rabindranath | ||
| 245 | 0 | _aPersonality: Lectures delivered in America | |
| 260 |
_aLondon _bMacMillan _c1961 |
||
| 300 | _a184 p. | ||
| 942 | _cBK | ||
| 999 |
_c186337 _d186337 |
||